[Event "Euwe-Sas van Gent 5-5"]
[Site "Amsterdam"]
[Date "2001.09.29"]
[Round "?"]
[White "Van der Stricht, Geert"]
[Black "Witt, Rob"]
[Result "1-0"]
[WhiteElo "2361"]
[BlackElo "2234"]
[Annotator "Witt"]
[PlyCount "139"]

{Ik had me al een tijdje verheugd op een partij tegen de Schotse IGM Paul
Motwani die normaal het eerste bord bezet bij Sas van Gent. Groot was mijn
teleurstelling toen hij niet van de partij bleek te zijn. Ik had geen concrete
varianten voorbereid, maar wel veel partijen van hem nagespeeld en mijn
openingskeus tegen 1.e4 bepaald. Sommige clubgenoten vonden dat ik blij moest
zijn dat Motwani niet meedeed maar ik beschouwde het als een nadeel. Die Van
der Stricht kende ik helemaal niet en ik had geen flauw idee wat voor
openingen hij speelt en wat voor stijl hij heeft.} 1. d4 Nf6 2. c4 e6 3. Nf3 d5
{Toch maar geen Dameindisch. Ik wou zo solide mogelijk spelen en met de
Tartakower had ik in Lost Boys goede zaken gedaan tegen Ikonnikov.} 4. Nc3 Be7
5. Bg5 O-O 6. e3 h6 7. Bh4 b6 8. Be2 Bb7 9. Bxf6 Bxf6 10. cxd5 exd5 {Dit is al
vele jaren de populairste bestrijdingswijze van de Tartakower.} 11. b4 {
De laatste jaren speelt men liever eerst 11.0-0 omdat de zwartspelers de
tekstzet niet langer met c7-c5 beantwoorden met c7-c6 gevolgd door a7-a5.
Experts als Karpov, Kramnik en Short hebben daar prachtige partijen mee
gespeeld.} c6 12. Rc1 {Deze a tempo gespeelde zet ken ik niet. En ondanks dat
er honderden partijen met deze variant gespeeld zijn, heb ik geen enkele
partij gevonden waar hier Tc1 gespeeld wordt. Toch is de stelling bekend omdat
deze vroeger ontstond na een andere zetvolgorde, nl. 8.Tc1 i.p.v. 8.Le2.} Qd6 {
Dit blijkt volgens de theorie de meest gebruikelijke voortzetting te zijn,
hoewel Le7 en Pd7 ook zijn voorgekomen. Toch wil ik hier even aandacht vragen
voor een zet die niemand speelt omdat hij er op het eerste gezicht belachelijk
antipositioneel uit ziet. Ik durf het bijna niet te zeggen, maar het gaat om
de zet: Het voorgaande was wat uitgebreid. Ik heb dus niet kunnen aantonen dat
b6-b5 slecht is. Ik hoop iemand anders wel, want de zet hoort eigenlijk niet
te kunnen.} (12... b5 $5 {Het vraagteken is duidelijk: zwart maakt zijn loper
slecht, er komt een wit paard op c5, de opmars e3-e4 is sterk, etc, etc. Maar
er zijn ook positieve kanten: er komt nog niet zo snel een paard op c5,
misschien krijgt zwart een paard op c4, na ruil van de a-pionnen heeft pion b4
dekking nodig. Ik zou graag van iemand horen waarom dit zo slecht is dat
niemand dit speelt. Een paar probeersels van mijn kant:} 13. a4 {Dit lijkt me
de beste methode.} (13. e4 a5 $1 14. a3 axb4 15. axb4 dxe4 (15... Be7 {is ook
niet slecht.}) 16. Nxe4 Be7 17. Nc5 Bxc5 18. bxc5 (18. Rxc5 Na6 $17) (18. dxc5
Qxd1+ 19. Bxd1 Na6 20. Rb1 Rfe8+ 21. Kd2 Re4 $17) 18... Qa5+ $15) (13. Nd2 Be7
14. Qb3 a5 $15) 13... a5 14. axb5 (14. bxa5 b4 15. Na2 Qxa5 16. Qb3 Be7 $15)
14... axb4 ({Veiliger wellicht is} 14... cxb5 15. Qb3 Be7 {met gelijke kansen.}
) 15. Na4 cxb5 16. Nc5 Qe7 ({Ook interessant is} 16... Bc6 17. O-O Na6 18. Ne6
fxe6 19. Rxc6 Nb8 20. Rc5 (20. Rxe6 Kf7 21. Rxf6+ Qxf6 22. Qb3 Qd6 {en wit
heeft compensatie voor de kwaliteit maar niet meer dan dat.}) 20... Be7 21.
Rxb5 Bd6 22. Qb1 Nc6 23. Rc1 Qc7 24. e4 Bf4 25. Re1 {en wit staat misschien
iets beter.}) 17. Bxb5 Bc6 18. Qe2 Rc8 19. O-O {en wit staat zeker niet beter.}
) 13. Qb3 Nd7 $6 {Dit zou wel eens minder kunnen zijn.} ({Na} 13... Be7 {
gaan de meeste partijen verder met} 14. Rb1 {wat dus tempoverlies is.} ({
Op het meer voor de hand liggende} 14. b5 c5 15. dxc5 bxc5 {dit was in de
partij niet mogelijk.} 16. O-O Qe6 17. Rfd1 Rd8 {met gelijke kansen.})) 14. O-O
Be7 ({En hier had ik beter kunnen kiezen voor} 14... a5 15. b5 c5 16. dxc5 Nxc5
(16... bxc5 17. Rfd1 $14) 17. Qb1 Rac8 18. Rfd1 $14) 15. b5 c5 16. dxc5 Nxc5 (
16... bxc5 $2 17. Rfd1 Nb6 18. a4 $16) 17. Qb1 {Dat mijn tegenstander goed
thuis is in dit type stelling blijkt wel uit het feit dat hij pas 10'
verbruikt had en ik 40'.} Ne6 {Is dit wel zo logisch als ik tijdens de partij
dacht?} 18. Rfd1 {Dat mijn tegen stander goed thuis is in dit type stelling
blijkt wel uit het tijdverbruik: wit 10'/zwart 40'. Mijn volgende zet speelde
ik snel en gedachtenloos. Toen mijn tegenstander vervolgens 20' nadacht zag ik
dat ik geblunderd had.} Rfd8 $2 ({Noodzakelijk was} 18... Rac8 {en het witte
voordeel is beperkt.}) 19. Bc4 $1 Nc7 {Na een half uur nadenken om mezelf weer
"zusammen zu fassen". Ik heb ook nog gekeken naar het dameoffer maar kon niet
geloven dat dat betere verdedigingskansen bood.} (19... dxc4 20. Rxd6 Bxd6 {
Toch is het minder slecht dan ik tijdens de partij dacht, maar ik heb geen zin
om dit te analyseren.}) 20. e4 Qf4 21. Nxd5 Nxd5 22. Bxd5 Bxd5 23. exd5 Bc5 {
Dit is de stelling de ik voor ogen had toen ik koos voor 19....Pc7. Dit leek
me nog niet zo eenvoudig en wit zal hard moeten werken voor de winst als zwart
goed verdedigt.} 24. Qd3 Rd7 25. Rc4 Qf6 26. Re4 Rad8 27. Re5 g6 28. g3 Kg7 29.
Kg2 Be7 {Ik wilde mijn loper weer op f6 zetten.} 30. h4 Qd6 31. Qe4 Bf6 ({Eerst
} 31... Kf8 {faalt op} 32. Nd4 $1 Bf6 33. Ne6+ Kg8 34. Nxd8 Bxe5 35. Nc6) 32.
Re8 Qc5 ({Niet beter was} 32... Rxe8 33. Qxe8 Rc7 34. Qe4 Rc5 35. a4 {met de
dreiging Pf3-d4-c6 of Td3 gevolgd door Pf3-d2-c4}) 33. Rxd8 Rxd8 34. a4 Qd6 35.
Qc4 Qe7 ({Fritz suggereert hier} 35... Qc5 {Het is interessant om uit te
zoeken of wit wint na dameruil maar wit kan ook verder gaan met Db3 en het
paard proberen om te spelen.}) 36. Nd2 Bb2 37. Qd3 $6 (37. Nf1 $1) 37... Ba3 $2
{tijdnood} ({Beter} 37... Qb4 38. Nc4 (38. Qb3 Qxb3 39. Nxb3 {wint
waarschijnlijk niet.}) 38... Bf6 {en in tijdnood staat wit voor de lastige
keus om pion a4 te geven of krom te spelen met Dc2.} 39. Qc2 Rc8 40. Rc1 Bb2
41. Qb1 Rxc4 42. Rxc4 Qxc4 43. Qxb2+) 38. Nc4 Bd6 $6 39. Qd4+ Kg8 40. Rd3 Bc5 {
Tijdnood voorbij. Wit heeft duidelijk vorderingen gemaakt.} 41. Qf4 h5 42. Rd1
Bd6 43. Qd4 Rd7 44. Rd3 Bc5 45. Qe5 f6 46. Qxe7 {Achteraf had Van der Stricht
daar spijt van.} Rxe7 47. Kf3 Kf7 48. Rd2 (48. Rd1 {had zwart's antwoord
voorkomen maar ook dan is de witte winst nog ver weg}) 48... Re1 (48... Ke8 49.
Re2 Rxe2 50. Kxe2 {was wit's bedoeling. Het zou me niet verbazen als zwart dat
remise houdt. Na urenlang verdedigen wilde ik echter eindelijk eens actief
worden.}) 49. d6 Ke8 ({Het alternatief vertrouwde ik niet} 49... Re8 50. a5
bxa5 51. d7 Rd8 52. Nxa5 Bb4 53. Nc6 Bxd2 54. Nxd8+ Ke7 {en ik denk dat wit
wint na het overigens riskante} 55. Ne6 (55. Nc6+ Kxd7 56. Nxa7 $16) 55... Kxd7
56. Nf8+ Kd6 57. Nxg6 Kc5 58. Nf4 Kxb5 59. Nxh5 a5 60. Ke2) 50. a5 {Wit stond
voor een moeilijke keus. Ook aantrekkelijk lijkt} (50. d7+ Kd8 51. Ne3 Ra1 52.
Nd5 Kxd7 53. Nf4+ Ke8 54. Nxg6 Rxa4 55. Nf4 Rb4 56. Nxh5 Rxb5 57. Nxf6+ Kf7 58.
Ne4 {met goede winstkansen.}) 50... Rc1 $2 {Lijkt logisc h. Ik herinner me dat
ik de zet puur op gevoel deed, ik was te moe om nog scherp te kunnen rekenen.}
({Ook goede remisekansen biedt} 50... Rb1 51. axb6 axb6 52. Re2+ Kd8 53. Re6
Rf1 (53... Bd4 54. Ke4 Rd1 55. d7 $1) 54. Ne3 Bxe3 55. Rxe3 Kd7 56. Re7+ Kxd6
57. Rf7 Ke5 58. Rb7 {met volgens mij een theoretische remise.}) ({De
duidelijkste remiseweg bestond echter uit} 50... Kd7 $1 51. axb6 Bxb6 $1 ({
Tijdens de partij had ik Kd7 verworpen omdat ik alleen rekening hield met} 
51... axb6 $2 {typisch schablonedenken} 52. Ra2) 52. Rd5 Ra1 $1 {en wit kan
niet verder komen.}) 51. axb6 axb6 52. d7+ Kd8 53. Ne3 Re1 $2 ({Direct na de
partij dachten we allebei dat ik remise had kunnen maken met} 53... Rb1 54. Nd5
Rb3+ {dit tussenschaak had ik overzien} 55. Kg2 Kxd7 56. Nxb6+ Ke6 57. Nd5 Bd6
58. Nxf6 Rxb5 {Waarschijnlijk klopt dat ook wel.}) ({Ook interessant is} 53...
Rc3 {Tijdens de partij niet overwogen} 54. Ke4 Rb3 (54... Bxe3 55. fxe3 Rc4+
56. Kf3 (56. Kd5 Rc3 57. Kd6 Rxe3 $11) 56... Rc5 57. Rd6 Rxb5 58. Rxf6 g5 59.
Rf7 Ra5 60. Rh7 gxh4 61. gxh4 {zal wel gewonnen zijn.}) 55. Nd5 Kxd7 56. Nxf6+
(56. Nxb6+ Ke6 57. Nd5 f5+ 58. Kf4 Kf7 59. b6 Bxb6 60. Nxb6 Rxb6 61. Kg5 Rb4
62. f3 Rb3 63. Rd7+ Ke8 {lijkt remise te zijn}) 56... Ke6 57. Nd5 Kf7 58. Nc7
Ke7 {moet zwart kunnen houden.}) 54. Nd5 Kxd7 55. Nxb6+ Ke6 56. Na4 $1 {
Dit had ik overzien toen ik Te1 speelde.} Rc1 $2 {Het toreneindspel is
volstrekt kansloos.} ({Ik dacht dat op} 56... Bd6 57. b6 {eenvoudig won, en
waarschijnlijk is dat ook zo na} Ra1 58. b7 Ra3+ 59. Ke2 Rb3 60. Rb2 Rxb2+ 61.
Nxb2 Kd5 62. Nd3 Kc6 63. Nf4 g5 64. Nxh5 gxh4 65. gxh4 {Toch had ik zoiets
moeten proberen.}) 57. Nxc5+ Rxc5 58. Rb2 Rc7 {De koning naar b8 brengen,
verliest ook.} 59. b6 Rb7 60. Kf4 Kd5 61. f3 Ke6 62. g4 hxg4 63. fxg4 Kf7 64.
Ke4 Ke6 65. h5 gxh5 66. gxh5 f5+ 67. Kf4 Kf6 68. Rb5 Ke6 69. Re5+ Kd6 (69...
Kd7 70. h6 $1 Rxb6 71. h7 Rh6 72. Ra5) 70. Rxf5 {Moe en teleurgesteld gaf ik
op.} 1-0

[Event "HSG-Euwe"]
[Site "?"]
[Date "2001.11.03"]
[Round "?"]
[White "Witt, Rob"]
[Black "Nikolic, Pedrag"]
[Result "0-1"]
[WhiteElo "2234"]
[BlackElo "2652"]
[Annotator "Witt"]
[PlyCount "130"]

{Het werd na al mijn wanprestaties in de interne weer eens tijd op een potje
te winnen. Piket leek daarvoor een geschikte tegenstander, maar helaas was die
er niet bij. Tot mijn verbazing kwam Pedrag Nikolic tegenover mij zitten. Ik
heb wel vaker tegen IGM's gespeeld maar nog nooit tegen 2652. Zijn solide
reputatie kennende, bedacht ik dat remise toch ook wel mooi zou zijn.} 1. Nf3
Nf6 2. c4 e6 3. Nc3 Bb4 {Ik herinnerde me hier dat Kramnik onlangs schreef dat
hij deze stelling zo vaak met wit gespeeld had, dat hij er schoon genoeg van
had en nu maar eens achter de zwarte stukken wilde zitten.Ik heb dit geloof ik
maar 1 keer met wit gespeeld, tegen Scheeren in he NK'82, dus ik was best
tevreden.} 4. Qc2 {Ik wist dat Kramnik ook vaak 4.Db3 heeft gespeeld, maar ik
doe geen zetten die ik niet snap.} c5 ({De tekstzet heeft ten doel om niet
direct het loperpaar op te geven. Ik weet alleen iets af van} 4... O-O 5. a3
Bxc3 6. Qxc3 b6 {en nu speelde Kramnik meestal 7.g3 maar was later tot het
inzicht gekomen dat 7.e3 kansrijker was.}) 5. a3 Ba5 {Ik weet dat dit bestaat,
maar daar houdt het dan ook mee op.} 6. e3 {Gebruikeli jker schijnt g3 te zijn.
Als zwart i.p.v. La5 op c3 geruild had, was e3 weer wel de gebruikelijkste zet.
Tsja.} O-O 7. Be2 (7. d4 b6 8. Be2 (8. Bd3 Bb7 9. O-O Bxc3 10. Qxc3 Be4 11. Be2
Nc6 {is ook niet veel}) 8... Ba6 9. O-O Bxc3 10. Qxc3 cxd4 11. Nxd4 d5 $11 {
Ree-Tal, Wijk aan Zee 1976}) 7... Nc6 {Als zwart d5 wil spelen, dan had hij
dat beter meteen kunnen doen.} ({Kramnik geeft} 7... d5 8. Na4 b6 9. b3 dxc4
10. bxc4 Nc6 11. Bb2 Re8 12. Nc3 Bxc3 13. Bxc3 e5 14. O-O Bg4 15. d3 Qe7 $11 {
Zheliandinov-Sulypa, Lvov 1999}) 8. O-O d5 $6 ({Beter is} 8... Qe7 {Bijv.
Fritz geeft} 9. d4 d6 10. Rd1 Bxc3 11. Qxc3 b6 12. b4 Bb7 13. Bb2 Rfc8 14. dxc5
dxc5 15. b5 Na5 16. Nd2 a6 17. a4 Ra7 $11) 9. Na4 $1 Bb6 {Ziet er wat vreemd
uit, maar andere zetten hadden ook bezwaren.} (9... b6 10. d4 $1 $16) (9...
dxc4 10. Qxc4 Bb6 11. b4 (11. Nxc5 $2 Na5 12. Qc2 Bxc5 13. b4 (13. Qxc5 $2 Nb3)
13... Be7 14. bxa5 Qxa5 $11) 11... cxb4 12. axb4 $14) 10. cxd5 Qxd5 {Deze
stelling blijkt bekend uit een partij van Christianssen die hij met zwart won.
Wit vervolgde met het verrassende 11. b4 die door zwart niet genomen werd.} 11.
d3 {Dit leek me beter dan het alternatief} (11. b3 {Ik was bang dat deze pion
wel eens zwak kon worden, maar dat blijkt niet het geval, bijv.} e5 12. Bb2 Bg4
(12... Na5 $2 13. Nxb6 axb6 14. Bc4 {en pion e5 valt.}) 13. Rfc1 e4 14. Bc4 Qh5
15. Ne1 Ne5 16. Bb5 $14) (11. b4 cxb4 $6 12. axb4 Nxb4 13. Qb1 Ba5 14. Ba3 Qd6
15. Nb2 $1 $18) 11... Bd7 {Tijdverbruik: wit 24', zwart 32'.} ({Ik verwachtte
eerder} 11... e5 {waarop ik ook} 12. Nd2 {van plan was, bijv.} Be6 {verhindert
Pb3} 13. Bf3 Qd6 14. Nc4 {en wit staat duidelijk beter.}) 12. Nd2 $5 {Een
moeilijke beslissing. Ook 12.Ld2 gevolgd door Tac1 ziet er goed uit. , bijv.} (
12. Bd2 Rac8 13. Rac1 Ne7 14. Nxb6 axb6 15. Bc3 Bb5 16. Rfd1 Rfd8 17. Ne5 {
en wit heeft niks te klagen.}) 12... Ne5 {na en kwartier nadenken.} 13. Nxb6
axb6 14. Nc4 Nxc4 15. dxc4 {De stelling die ik voor ogen had, toen ik Pd2
speelde. Ik wilde nu een opstelling innemen met een loper op b2 en als zwart
het toelaat, pionnen op e4 en f4.} Qe5 {Een enigszins provocerende zet. Zwart
lokt f4 uit en ik zie niet wat daar mis mee is.} 16. f4 Qd6 17. Rd1 ({Met} 17.
b3 Bc6 18. Rd1 Qe7 19. Bb2 Ne4 20. Bf3 f5 {heeft wit veld e4 weggegeven maar
daar staat tegenover dat de loper op b2 onaantastbaar is. Toch geef ik liever
niks weg en zeker geen veld!} 21. Be5 Rfd8 22. Rxd8+ Rxd8 23. Rd1 Nd6) 17...
Qe7 18. Bf3 $6 {Overziet zwarts antwoord en geeft het voordeel weg.} (18. e4 e5
19. f5 Bc6 20. Bf3 $14) 18... e5 $1 ({Ik had alleen gekeken naar} 18... Bc6 19.
e4 e5 20. f5 {de stelling die ik dus had kunnen bereiken door met 18. e4 te
beginnen. Ook Nikolic vond dit beter voor wit.}) 19. Bd2 ({Fritz gelooft er
niks van en geeft} 19. Bxb7 $14 Ba4 20. b3 Qxb7 21. bxa4 {maar na} exf4 22.
exf4 Qe4 $1 23. Qxe4 Nxe4 24. Bb2 Rxa4 {moet Fritz dat het niks is voor wit.
Nikolic dacht dat het misschien gelijk is, maar veel makkelijker te spelen
voor zwart.}) 19... Bc6 20. Bxc6 bxc6 21. Re1 $1 Rfd8 22. Bc3 e4 23. Rad1 $11 {
Ook Lxf6 is gelijk spel.} ({Ik kon moeilijk afstand doen van mijn loper, maar
misschien is het wel de beste speelwijze, bijv.} 23. Bxf6 Qxf6 (23... gxf6 24.
Red1 Qe6 25. a4 $14) 24. Qxe4 Qxb2 ({Ook mogelijk is denk ik:} 24... Rd2 25. b3
Rad8 26. Qf3 Qc3 27. Rab1 R8d6 {en zwart heeft voldoende compensatie voor de
pion.}) 25. Qxc6 Rdb8 26. Qe4 Rxa3 27. Rxa3 Qxa3 {met gelijke kansen. Maar de
spelers zijn niet gelijk, dus je weet maar nooit.}) 23... Ng4 24. Rxd8+ Rxd8
25. h3 Nh6 26. Rd1 Rxd1+ 27. Qxd1 Nf5 {Er is geen sprake van tijdnood, beiden
hebben nog een half uurtje.} 28. Qd2 {Ik besloot zo solide mogelijk te spelen.
In aanmerking kwam ook Da4 of zelfsg4.} h5 29. a4 h4 30. b3 Kh7 31. Qe2 Kh6 32.
Kf2 f6 33. Qc2 {33.a5 was wel zo simpel voor remise, maar ik had nog de
stiekeme hoop dat ik een keer de dames kon ruilen, waarna b6 een zwakte is.} g5
34. fxg5+ fxg5 35. Ke2 {De koning staat niet veilig op de koningsvleugel.} Qd6
36. Be1 Qe6 37. Qc3 Kg6 38. Kd2 Qd6+ 39. Kc1 Qh2 {Lastig, 1 zet voor de
tijdcontrole. Gelukkig had ik nog 4 minuten.} 40. Qd2 ({Helaas weet ik niet
wat Nikolic gespeeld zou hebben op} 40. Qh8 {Voor zover ik ht nu kan bekijken
is het na 440...Dg1 remise, maar daarvoor speel je geen 39.. .Dh2. Alle andere
zetten lijken zelfs te verliezen voor zwart! Ik kan me niet meer herinneren
wat ik hier tijdens de partij dacht.}) 40... Qe5 ({Nikolic gebruikte zijn
laatste 10 minuten om het eindspel te bekijken na} 40... Qg1 41. Qf2 Qxf2 42.
Bxf2 {en als er iemand beter staat, dan eerder wit.}) 41. Kb1 {Hier liep ik de
twee trappen af naar beneden om een shaggie te roken en een cola te halen. Ik
liep daarna veel te snel die lange trappen op en toen ik weer op mijn stoel
zat, was ik volkomen buiten adem en had minstens 5'nodig om mijn adem weer
normaal te krijgen. Misschien dat hierdoor en door het storende lawaai in de
speelzaal, mijn concentratie afnam.} Nd6 42. Ka2 {Ook 42.a5 was weer een zet.}
Qe6 $2 {Maar dit is wel erg nonchalant van Nikolic. Helaas zag ik niet wat er
mis mee was.} 43. Qc3 $2 ({Nu had ik echter een goeie kans, bijv.} 43. a5 $1
bxa5 ({Ik kon echter de gevolgen niet overzien van} 43... b5 $6 44. cxb5 cxb5
45. a6 {Deze pion blijkt een goeie bliksemafleider te zijn.} Nc8 (45... c4 $2
46. a7 cxb3+ 47. Kb1 Nc4 48. Qd4 $18) 46. Qa5 Qd7 47. Bc3 Kf5 (47... b4 48. Bb2
Qe7 49. Qb5 $18) 48. Bb2 $1 Ke6 49. Qc3 $16) 44. Qxa5 {en zwart heeft ineens
problemen met zijn dubbele c-pion} Qe5 45. Qb6 $16) 43... Nf7 44. Qc2 Nh6 45.
Qd2 {Opnieuw was a5 wel zo verstandig al is het niet zo sterk als hiervoor.}
Qe7 {zwart wil g5-g4 spelen.} 46. Qf2 Qd6 47. Qc2 Kf5 48. Qf2+ Ke6 49. Bc3 $6 {
Die had beter op e1 kunnen blijven.} Nf5 {Hier begon ik me wat ongemakkelijk
te voelen. Temeer omdat ik nog de enige was die speelde en het behoorlijk
onrustig was in de speelzaal.} 50. Ba1 $5 ({Passieve verdediging vertrouwde ik
niet meer, bijv.} 50. Bd2 Qd3 51. Kb2 b5 52. cxb5 cxb5 53. axb5 Qxb5 54. Bc1
Qd3 55. Qd2 Kd5 {Toch is ook dit volgens Nikolic remise, omdat de witte dame
actief kan worden. Als de vermoeidheid toeslaat, begin je toch eerder spoken
te zien.}) 50... Qg3 51. Qb2 {Dit was de bedoeling van La1.} Kd7 52. Qd2+ $1
Ke8 {Na een kwartie r nadenken. Nikolic zei naderhand dat hij niet zag hoe hij
kon winnen. De tekstzet verrastte mij enigszins. Ik had Ke7 verwacht waarop ik
Db2 van plan was.} (52... Ke7 53. Qb2 Nxe3 54. Qg7+ Ke6 55. Qg6+ Kd7 56. Qf7+ {
met remise.} Kc8 57. Qe8+ {Riskant is nu} Kb7 58. Bb2 $1 Qxg2 $2 59. Qd7+ Ka6
60. Qxc6 Ka7 61. a5 $16) 53. Qb2 ({Zoals Nikolic aangaf, was er veel sterker:} 
53. Bf6 $1 Qxe3 {Dit hadden e niet bekeken en het lijkt me dat zwart moet
winnen al heb ik te weinig tijd om dit aan te tonen.} (53... Kf7 $6 54. Bd8 $1
{En wit staat zelfs beter. Ik had alleen gekeken naar} (54. Qd8 {maar dat
verliest na} Qxg2+ 55. Ka3 (55. Bb2 Ne7 56. Qxb6 Qxh3 57. Qxc5 Qf5) 55... Nxe3
$19) 54... Ke6 55. Bxb6 Nxe3 56. Bxc5 Nxg2 57. Qd8 $16) 54. Qd8+ Kf7 55. Bb2 $1
({Linke soep is} 55. Bxg5 Qf2+ 56. Ka3 Qd4 $1 57. Qxd4 cxd4 {Dit ziet er
verloren uit voor wit, maar misschien is dat niet zo.} 58. Kb2 Ke8 59. b4 Kd7
60. c5 bxc5 61. bxc5 Kc7 62. Kb3 Kb7 63. Kc4 d3 64. Kc3 Ka6 65. Bd8 {en zwart
komt niet verder. Maar ik vermoed dat zwart wel ergens kan winnen in deze
variant.}) 55... Nd4 {!} ({Riskant voor zwart is} 55... Ne7 56. Qxb6 Qf2 57. a5
Qf5 58. a6 e3 59. a7 e2 60. a8=Q e1=Q 61. Qh8) 56. Qxb6 {Bijv.} Qd3 57. a5 e3
58. Qb7+ Kg6 59. Bxd4 Qxd4 60. Qxc6+ Kf5 61. Qc8+ {met remise.}) 53... Qxe3 54.
Qf6 $2 ({Nikolic dacht dat ik misschien ook hier nog remise kon maken met} 54.
Qh8+ Kd7 55. Bf6 $1 Qd2+ 56. Ka3 {De grap is dat Pd4 winnend lijkt, maar wit
houdt veraasend toch remise.} Nd4 57. Qd8+ Ke6 58. Qe7+ Kf5 59. Qd7+ $3 {
en wit houdt eeuwig schaak.}) 54... Ne7 55. Qe6 $2 {De verliezende zet. Een
betere poging, maar waarschijnlijk ook verloren was} (55. Qh8+ Kd7 56. Qg7 Qd2+
57. Ka3 e3 58. Bf6 Qc1+ 59. Bb2 (59. Ka2 Qc2+ 60. Ka3 Qe4 $1 $19) 59... Qc2 60.
Qxg5 e2 61. Qe5 Nf5 62. Bc3 Qc1+ 63. Bb2 Qf1 64. Bc3 Nd4) ({Ik was eigenlijk
van plan om Le5 te spelen maar dat verliest ook:} 55. Be5 Qd2+ 56. Ka3 e3 57.
Qxg5 Qe1 58. Qh5+ Kd7 59. Qg4+ Kd8 60. Bf6 e2 61. Bxe7+ Kxe7 {en wit heeft
geen eeuwig schaak.}) 55... Qf2+ {Niet gezien, de rest behoeft geen commentaar.
} 56. Ka3 Qf5 57. Qd6 Kf7 58. Bc3 e3 59. b4 cxb4+ 60. Qxb4 Qd3 61. Kb2 e2 62.
Qb3 e1=Q 63. Bxe1 Qe2+ 64. Ka3 Qxe1 65. c5+ Nd5 {en opgegeven. Helaas was er
niet veel tijd meer om uitgebreid met hem te analyseren.} 0-1